Interventions against child abuse and violence against women (Record no. 63424)

MARC details
000 -LEADER
fixed length control field 01447nam a2200229Ii 4500
008 - FIXED-LENGTH DATA ELEMENTS--GENERAL INFORMATION
fixed length control field 221202s xx 000 0 und d
245 #0 - TITLE STATEMENT
Title Interventions against child abuse and violence against women
246 ## - VARYING FORM OF TITLE
Title proper/short title Ethics and culture in practice and policy
264 #1 - PRODUCTION, PUBLICATION, DISTRIBUTION, MANUFACTURE, AND COPYRIGHT NOTICE
Place of production, publication, distribution, manufacture Leverkusen-Opladen
Name of producer, publisher, distributor, manufacturer Verlag Barbara Budrich
Date of production, publication, distribution, manufacture, or copyright notice 2019
300 ## - PHYSICAL DESCRIPTION
Extent 1 online resource (320 pages)
336 ## - CONTENT TYPE
Content type term text
Content type code txt
Source rdacontent
337 ## - MEDIA TYPE
Media type term computer
Media type code c
Source rdamedia
338 ## - CARRIER TYPE
Carrier type term online resource
Carrier type code cr
Source rdacarrier
490 ## - SERIES STATEMENT
Series statement Cultural Encounters in Intervention Against Violence
Volume/sequential designation 1
520 ## - SUMMARY, ETC.
Summary, etc. This book offers insights and perspectives from a study of “Cultural Encounters in Intervention Against Violence” (CEINAV) in four EU-countries. Seeking a deeper understanding of the underpinnings of intervention practices in Germany, Portugal, Slovenia and the United Kingdom, the team explored variations in institutional structures and traditions of law, policing, and social welfare. Theories of structural inequality and ethics are discussed and translated into practice.
653 ## - INDEX TERM--UNCONTROLLED
Uncontrolled term Educational Strategies & Policy
700 1# - ADDED ENTRY--PERSONAL NAME
Personal name Hagemann-White, Carol
700 1# - ADDED ENTRY--PERSONAL NAME
Personal name Kelly, Liz
700 1# - ADDED ENTRY--PERSONAL NAME
Personal name Meysen, Thomas
856 ## - ELECTRONIC LOCATION AND ACCESS
Uniform Resource Identifier <a href="https://library.oapen.org/bitstream/20.500.12657/23742/1/1006402.pdfhttps://shop.budrich-academic.de/produkt/interventions-against-child-abuse-and-violence-against-women/http://library.oapen.org/handle/20.500.12657/23742">https://library.oapen.org/bitstream/20.500.12657/23742/1/1006402.pdfhttps://shop.budrich-academic.de/produkt/interventions-against-child-abuse-and-violence-against-women/http://library.oapen.org/handle/20.500.12657/23742</a>
942 ## - ADDED ENTRY ELEMENTS (KOHA)
Koha item type E-Book
Holdings
Withdrawn status Damaged status Not for loan Home library Current library Date acquired Total Checkouts Date last seen Price effective from Koha item type
      Directory of Open Access Books Directory of Open Access Books 11/28/2022   11/28/2022 11/28/2022 E-Book

University of Rizal System
Email us at univlibservices@urs.edu.ph

Visit our Website www.urs.edu.ph/library